[Collection of correspondence related to works at Charterhouse] (Record no. 116581)

MARC details
000 -LEADER
fixed length control field 00878ctc a22002295a 4500
001 - CONTROL NUMBER
control field L141088
008 - FIXED-LENGTH DATA ELEMENTS--GENERAL INFORMATION
fixed length control field 071026i17921825xxk eng u
035 ## - SYSTEM CONTROL NUMBER
System control number (Sirsi) u141088
041 0# - LANGUAGE CODE
Language code of text/sound track or separate title eng
100 1# - MAIN ENTRY--PERSONAL NAME
Personal name Bullock, Samuel
245 01 - TITLE STATEMENT
Title [Collection of correspondence related to works at Charterhouse]
Medium [manuscript]
260 ## - PUBLICATION, DISTRIBUTION, ETC.
Place of publication, distribution, etc. 1792 and 1825
300 ## - PHYSICAL DESCRIPTION
Extent 2 items
Dimensions 23 x 19 cm. +
Accompanying material 2 leaves (16 x 10 cm.)
340 ## - PHYSICAL MEDIUM
Material base and configuration Ink on paper
351 ## - ORGANIZATION AND ARRANGEMENT OF MATERIALS
Hierarchical level Fonds
500 ## - GENERAL NOTE
General note Item consists of a surveyors report on work carried out by Springet, written on 23 January 1792 by Samuel Bullock, and a recommedation for payment for work carried out written by Redmond W. Pilkington on 12 October 1825.
500 ## - GENERAL NOTE
General note Item is accompanied by a letter from the donor dated 28 April 1944.
651 4# - SUBJECT ADDED ENTRY--GEOGRAPHIC NAME
Geographic name Surrey
690 ## - LOCAL SUBJECT ADDED ENTRY--TOPICAL TERM (OCLC, RLIN)
Topical term or geographic name as entry element PROPERTY
700 1# - ADDED ENTRY--PERSONAL NAME
Personal name Pilkington, Redmond W.
942 ## - ADDED ENTRY ELEMENTS (KOHA)
Suppress in OPAC 0
Holdings
Withdrawn status Lost status Source of classification or shelving scheme Damaged status Not for loan Home library Current library Shelving location Date acquired Total Checkouts Full call number Barcode Date last seen Copy number Price effective from Koha item type
    Dewey Decimal Classification     London London Basement 26/10/2007   BASEMENT BOX 4 141088-1001 06/08/2019 1 06/08/2019 Archive